000 00713nam a2200181 i 4500
001 67494
003 ES-MaACL
005 20230906170102.0
007 t|
008 040601s2003 sp a |||| | spa d
080 _a331.5.024.5(460)"1996/..."
100 1 _aRuiz López, Antero.
_9100853
245 1 3 _aEl empleo, tu derecho
_b: una visión del empleo desde la izquierda : intervenciones en los debates sobre empleo y políticas sociales en el Congreso de los Diputados : legislatura 2000-2004 /
_cAntero Ruiz López.
260 _a[Madrid] :
_bGrupo Federal de Izquierda Unida,
_c[2003]
300 _a267 p. :
_bil. ;
_c24 cm.
651 4 _aEspaña-
_xPolítica de empleo.
_9145302
852 _aES-MaACL
_jL-27733
999 _c67494
_d67494